| 000 | 00430nam a2200181Ia 4500 | ||
|---|---|---|---|
| 001 | 13384 | ||
| 005 | 20260306164757.0 | ||
| 008 | 260306t2008||||xx |||||||||||||| ||spa|| | ||
| 041 | _aESP | ||
| 082 |
_a003.3 _bK37 |
||
| 100 |
_aKelton, W. David _eAUT |
||
| 245 | 0 | _aSimulación con software Arena | |
| 260 | _c2008 | ||
| 300 |
_axxii, 631 pƔginas : _c24 cm. |
||
| 650 | _aGEN | ||
| 654 | _aCCC | ||
| 942 |
_cLIB _dJUS _fJUS _2ddc _n |
||
| 999 |
_c13384 _d13384 |
||